Изучение генетических факторов при ишемической (коронарной) болезни сердца / (Record no. 307884)
[ view plain ]
| 000 -LEADER | |
|---|---|
| fixed length control field | 02434nam a2200289 a 4500 |
| 001 - CONTROL NUMBER | |
| control field | 000871181 |
| 003 - CONTROL NUMBER IDENTIFIER | |
| control field | AM-YeHGA |
| 005 - DATE AND TIME OF LATEST TRANSACTION | |
| control field | 20250617145211.0 |
| 008 - FIXED-LENGTH DATA ELEMENTS--GENERAL INFORMATION | |
| fixed length control field | 120229s1978 ||||||||r|||||000|0|rus|d |
| 040 ## - CATALOGING SOURCE | |
| Original cataloging agency | AM-YeHGA |
| 041 0# - LANGUAGE CODE | |
| Language code of text/sound track or separate title | rus |
| 090 ## - LOCALLY ASSIGNED LC-TYPE CALL NUMBER (OCLC); LOCAL CALL NUMBER (RLIN) | |
| -- | 309593 |
| 100 1# - MAIN ENTRY--PERSONAL NAME | |
| Personal name | Клюева, Светлана Климентьевна. |
| 245 10 - TITLE STATEMENT | |
| Title | Изучение генетических факторов при ишемической (коронарной) болезни сердца / |
| Statement of responsibility, etc. | С. К. Клюева. Генетические подходы к ранней диагностике и проведению целенаправленной профилактики сердечно-сосудистых заболеваний / С.К. Клюева, Э.К. Белявская. Основные типы наследования в патологии человека и клинико-генеалогический метод исследования : лекции для врачей курсантов / Т.Л. Шалагина ; Ленинградский государственный институт усовершенствования врачей им. С.М. Кирова. |
| 260 ## - PUBLICATION, DISTRIBUTION, ETC. | |
| Place of publication, distribution, etc. | Ленинград : |
| Name of publisher, distributor, etc. | [Б. и.], |
| Date of publication, distribution, etc. | 1978. |
| 300 ## - PHYSICAL DESCRIPTION | |
| Extent | 36 с. : |
| Other physical details | ил., табл. ; |
| Dimensions | 20 см. |
| 650 14 - SUBJECT ADDED ENTRY--TOPICAL TERM | |
| Topical term or geographic name entry element | Ишемическая болезнь сердца |
| General subdivision | Генетика |
| 650 14 - SUBJECT ADDED ENTRY--TOPICAL TERM | |
| Topical term or geographic name entry element | Риска факторы |
| 650 14 - SUBJECT ADDED ENTRY--TOPICAL TERM | |
| Topical term or geographic name entry element | Наследственность |
| 650 14 - SUBJECT ADDED ENTRY--TOPICAL TERM | |
| Topical term or geographic name entry element | Генетическая предрасположенность к болезни |
| 650 14 - SUBJECT ADDED ENTRY--TOPICAL TERM | |
| Topical term or geographic name entry element | Генетические методы |
| 700 1# - ADDED ENTRY--PERSONAL NAME | |
| Personal name | Шалагина, Т.Л. |
| 700 1# - ADDED ENTRY--PERSONAL NAME | |
| Personal name | Белявская, Э.К. |
| 710 2# - ADDED ENTRY--CORPORATE NAME | |
| Corporate name or jurisdiction name as entry element | Ленинградский государственный институт усовершенствования врачей им. С.М. Кирова |
| 777 ## - ISSUED WITH ENTRY | |
| Main entry heading | Клюева, С.К.; Белявская, Э.К. |
| Title | Генетические подходы к ранней диагностике и проведению целенаправленной профилактики сердечно-сосудистых заболеваний |
| 777 ## - ISSUED WITH ENTRY | |
| Main entry heading | Шалагина, Т.Л. |
| Title | Основные типы наследования в патологии человека и клинико-генеалогический метод исследования : лекции для врачей курсантов |
| Withdrawn status | Lost status | Damaged status | Not for loan | Collection | Home library | Current library | Date acquired | Total checkouts | Full call number | Barcode | Date last seen | Price effective from | Koha item type | Public note |
|---|---|---|---|---|---|---|---|---|---|---|---|---|---|---|
| General | Fundamental Scientific Library | Fundamental Scientific Library | 09/01/2017 | PII/425291 | FL0439716 | 09/01/2017 | 09/01/2017 | Գրքեր / Books | 30 Days Loan |
ՀՀ Գիտությունների ազգային ակադեմիայի հիմնարար գիտական գրադարան = Fundamental Scientific Library of NAS RA
All site content, except where otherwise noted, is licensed under a